000 00297nam a22001337a 4500
008 170529b xxu||||| |||| 00| 0 eng d
020 _a3486203320
041 _aeng
080 _a621
100 _a27
101 _aIM
245 _aREGELUNG ELEKTRISCHER ANTRIEBE
_cPLAFF.G
942 _2udc
_cBK
999 _c14811
_d14811